000 01463nam0a22003251 4500
001 rc\3157780
005 20260407122928.0
021 _aRU
_b76-ОЭ-131/23
021 _aRU
_bРг8962-76
035 _a(NLR Aleph) 007300430
090 _a5704511
_c5704511
100 _a20120615d1976 |||y0rusy50 ca
101 0 _arus
102 _aRU
105 _ay z |||||
200 1 _aСоветский образ жизни - сущность и особенности развития на современном этапе
_eМетод. рекомендации лекторам, выступающим по проблемам советского образа жизни
_fОдес. обл. организация о-ва "Знание"
210 _aОдесса
_cБ. и.
_d1976
215 _a[2], 44 с.
_d20
225 1 _aВ помощь лектору
300 _aНа обороте тит. л. сост.: Дмитриев О.С., Драгомирецкий Д.А., Езовит В.Е. [и др.]
320 _aБиблиогр.: с. 2-3
702 1 _aДрагомирецкий
_bД.А.
_4220
702 1 _aДмитриев
_bО.С.
_4220
702 1 _aЕзовит
_bВ.Е.
_4220
712 0 2 _a"Знание", общество УССР
_cКиев
_bОдесское областное отделение
_3RU\NLR\AUTH\889960568
_9417415
801 0 _aRU
_bNLR
_gpsbo
801 1 _aRU
_bELAR
_2rusmarc
852 _aNLR
_j76-4/21541
942 _cBOOK
980 _aNB